Enzyme technology / (Record no. 42910)

MARC details
000 -LEADER
fixed length control field 01069nam a22002657a 4500
005 - DATE AND TIME OF LATEST TRANSACTION
control field 20100821143835.0
010 ## - LCCN (DPL NO)
LC control number ENG-101166
020 ## - INTERNATIONAL STANDARD BOOK NUMBER
International Standard Book Number 9788180940019
Terms of availability 300.00
035 ## - SYSTEM CONTROL NUMBER
System control number EN-84699
035 ## - SYSTEM CONTROL NUMBER
System control number G-001291
037 ## - SOURCE OF ACQUISITION
Source of stock number/acquisition DBAD/PUB
082 ## - DEWEY DECIMAL CLASSIFICATION NUMBER
Classification number 660.63
100 ## - MAIN ENTRY--PERSONAL NAME
Personal name Bhaskar, Anusha
245 ## - TITLE STATEMENT
Title Enzyme technology /
Statement of responsibility, etc by Anusha Bhaskar [and] V.G. Vidhya
260 ## - PUBLICATION, DISTRIBUTION, ETC. (IMPRINT)
Place of publication, distribution, etc Chennai
Name of publisher, distributor, etc MJP Publishers
Date of publication, distribution, etc 2009
270 ## - ADDRESS
Address 47, Nallathambi Street, Triplicane
City Chennai
Postal code 600005
300 ## - PHYSICAL DESCRIPTION
Extent xxi,634p.
Dimensions 21cm (pbk)
Accompanying material b&w photos
500 ## - GENERAL NOTE
General note Includes bibliographical references and index
650 ## - SUBJECT ADDED ENTRY--TOPICAL TERM
Topical term or geographic name as entry element Biochemical engineering
650 ## - SUBJECT ADDED ENTRY--TOPICAL TERM
Topical term or geographic name as entry element Enzyme industrial applications
700 ## - ADDED ENTRY--PERSONAL NAME
Personal name Vidhya, V.G.
9 (RLIN) 15983
942 ## - ADDED ENTRY ELEMENTS (KOHA)
Source of classification or shelving scheme Dewey Decimal Classification
Item type English Books
Classification part 660.63
Call number suffix BHA
Holdings
Withdrawn status Lost status Not for loan Collection code Home library Current library Date acquired Source of acquisition Cost, normal purchase price Full call number Barcode Copy number Cost, replacement price Koha item type
    Not For Loan Non-fiction D.B.Act.Division D.B.Act.Division 21/08/2010 DBAD/PUB 300.00 660.63 BHA EN-84699 1 300.00 English Books
      Non-fiction Janak Puri Janak Puri 05/09/2011 bppd/gift 300.00 660.63 BHA G-001291 1 300.00 English Books

© Delhi Public Library
Hit Counter
free hit counter